000
00294nam a22001097a 4500
008
170118b xxu||||| |||| 00| 0 eng d
020
_a
9780132208734
041
_a
eng
080
_2
8TH
_a
618.2
245
_a
MATENAL-NEWBORN NURSING & WOMEN'S HEALTH ACROSS THE LIFESPAN
_c
DAVIDSON
942
_2
udc
_c
BK
999
_c
3135
_d
3135